000 01385nam0a2200313 4500
001 RU\NLR\bibl\449142
005 20250623181218.0
010 _a5-317-00720-8
_950
021 _aRU
_b2003-42185
_92004
035 _a(NLR Aleph) 000442792
090 _a824693
_c824693
100 _a20031020d2003 |||y0rusy50 ca
101 0 _arus
102 _aRU
105 _aa |||||||||
200 1 _aБанковская система России
_e[Пособие для студентов экон. фак. ВУЗов]
_fГ.Ф. Абрамов
210 _aМ.
_cМАКС Пресс
_d2003
215 _a15 с.
_cил.
_d21
320 _aБиблиогр.: с. 15
606 0 _aБанковская система
_jРуководства, пособия и т.п. для высшей школы
_yРоссийская Федерация
_92089531
_3RU\NLR\auth\661264847
606 0 _aБанковская система
_jУчебные издания для высших учебных заведений
_yРоссийская Федерация
_92089531
_3RU\NLR\auth\661264847
686 _aУ26(2)210я73
700 1 _4070
_aАбрамов
_bГ. Ф.
_cканд. экон. наук
_gГеннадий Федорович
_9167635
_3RU\NLR\AUTH\770167682
801 0 _aRU
_bNLR
_c20031020
_gPSBO
801 1 _aRU
_bNLR
_c20031020
942 _cBOOK
980 _aNB